00530nam a2200181 a 45000010010000000030011000100080041000210350026000620820014000881000022001022450025001242600048001496500014001979420012002119520090002239980020003139990015003330000-9314ELIB.Books110520 1943  a(ELIB.Books)0000-9466 a251 bVer aVersteeg, John M. aWhen Christ Controls bNashville: Abingdon- Cokesbury Press c1943 aPreaching 2ddccBK 00102ddc4070aKBTSbKBTSd2011-05-20l0p9103r2022-01-22 00:00:00w2022-01-22yBK cbate2011-05-20 c9314d9314